Introduction to logic / (Record no. 170249)
[ view plain ]
| 000 -LEADER | |
|---|---|
| campo de control de longitud fija | 00741nam a2200217 i 4500 |
| 001 - NÚMERO DE CONTROL | |
| campo de control | 170249 |
| 003 - IDENTIFICADOR DE NÚMERO DE CONTROL | |
| campo de control | ES-MaACL |
| 005 - FECHA Y HORA DE LA ÚLTIMA TRANSACCIÓN | |
| campo de control | 20250804082048.0 |
| 008 - DATOS DE LONGITUD FIJA--INFORMACIÓN GENERAL | |
| campo de control de longitud fija | 090216s1969 ne |||| | eng d |
| 080 ## - NÚMERO DE LA CLASIFICACIÓN DECIMAL UNIVERSAL | |
| Número de la Clasificación Decimal Universal | 164 |
| 100 0# - ENTRADA PRINCIPAL--NOMBRE DE PERSONA | |
| Nombre de persona | Suppes, Patrick. |
| 9 (RLIN) | 108808 |
| 245 10 - MENCIÓN DEL TÍTULO | |
| Título | Introduction to logic / |
| Mención de responsabilidad, etc. | by Patrick Suppes. |
| 260 ## - PUBLICACIÓN, DISTRIBUCIÓN, ETC. | |
| Lugar de publicación, distribución, etc. | New York : |
| Nombre del editor, distribuidor, etc. | Van Nostrand Reinhold, |
| Fecha de publicación, distribución, etc. | 1969. |
| 300 ## - DESCRIPCIÓN FÍSICA | |
| Extensión | XVIII, 312 p. ; |
| Dimensiones | 23 cm. |
| 490 1# - MENCIÓN DE SERIE | |
| Mención de serie | International student editions. Mathematics ; |
| Designación de volumen o secuencia | 18 |
| 500 ## - NOTA GENERAL | |
| Nota general | Índice. |
| 650 #7 - PUNTO DE ACCESO ADICIONAL DE MATERIA--TÉRMINO DE MATERIA | |
| Término de materia o nombre geográfico como elemento de entrada | Lógica matemática |
| Fuente del encabezamiento o término | embne |
| 9 (RLIN) | 14697 |
| 830 0# - PUNTO DE ACCESO ADICIONAL DE SERIE-TÍTULO UNIFORME | |
| Título uniforme | International student editions. Mathematics ; |
| Designación de volumen o secuencia | 18 |
| 9 (RLIN) | 222998 |
| 852 4# - LOCALIZACIÓN | |
| Ubicación | ES-MaACL |
| Número de control de estantería | E-12463 |
| itemnumber | R.140597 |
| Nota libre | . - Biblioteca Jacinto Martínez Lacalle |
| Estatus retirado | Estado de pérdida | Estado de daño | No para préstamo | Biblioteca de origen | Biblioteca actual | Ubicación en estantería | Fecha de adquisición | Fuente de adquisición | Total de préstamos | Signatura topográfica completa | Código de barras | Visto por última vez | Precio de reemplazo | Tipo de ítem Koha |
|---|---|---|---|---|---|---|---|---|---|---|---|---|---|---|
| Biblioteca del Ateneo de Madrid | Biblioteca del Ateneo de Madrid | Depósito 2 | 16/02/2009 | E-12463 | 1178733 | 23/02/2023 | 23/02/2023 | Libro impreso |
